| 000 | 00636nam a2200205Ia 4500 | ||
|---|---|---|---|
| 003 | GCL | ||
| 008 | 140319s9999 xx 000 0 ara d | ||
| 040 |
_aGCL / _cGCL |
||
| 082 | 0 | 4 |
_a415.31 _bأ م |
| 100 | 1 | _aالاخفش الاوسط، ابو الحسن سعيد | |
| 245 | 1 | 0 |
_aمعانى القرأن / _cالاخفش الاوسط، ابو الحسن سعيد |
| 700 | 1 | _aفائز فارس | |
| 260 |
_a[S.N] : _bدار البشير ، _c1981 |
||
| 490 | _a | ||
| 650 | 0 | 4 | _aالنحو |
| 650 | 0 | 4 | _aاللغة العربية |
| 650 | 0 | 4 | _aالقران - تفسير |
| 650 | 0 | 4 | _aالقران - الفاظ |
| 942 |
_2ddc _cBK |
||
| 999 |
_c37340 _d37340 |
||